000 00284nam a22001217a 4500
082 _a894.812
_bKOZ/A
100 _aKOZHIKODE SARVAKALASHALA
245 _aADHUNIKA KAVITHA
260 _aKOZHIKODE
_bKOZHIKODE SARVAKALASHALA
_c1982
300 _a36
650 _aPOEMS
_zKERALA
942 _cBK
999 _c1168
_d1168